[Event "Oslo-ch"]
[White "Xue, Ray Jia"]
[Black "Soreng, Eirik"]
[Site "Oslo"]
[Round "1"]
[Result "0-1"]
[Date "2008.04.04"]
[WhiteElo "1282"]
[BlackElo "1633"]
[PlyCount "82"]
[EventDate "2008.04.04"]
[EventType "swiss"]
[EventRounds "4"]
[EventCountry "NOR"]
[SourceTitle "EXT 2010"]
[Source "ChessBase"]
[SourceDate "2010.11.25"]
[SourceVersion "1"]
[SourceVersionDate "2010.11.25"]
[SourceQuality "1"]

1. c4 Nc6 2. Nc3 e5 3. Nf3 g6 4. g3 Bg7 5. Bg2 d6 6. 0-0 Nge7 7. e3 Be6 8. b3 0-0 9. Rb1 d5 10. cxd5 Nxd5 11. Nxd5 Bxd5 12. Bb2 Be4 13. Rc1 Bd3 14. Re1 e4 15. Nd4 Nxd4 16. Bxd4 Bxd4 17. exd4 f5 18. b4 c6 19. Qb3+ Rf7 20. Kh1 Qxd4 21. f3 Kg7 22. fxe4 fxe4 23. Qc3 Qxc3 24. dxc3 Re8 25. Bf1 Bxf1 26. Rxf1 Rf5 27. Kg2 Kf6 28. Rcd1 Re7 29. Rf4 Rxf4 30. gxf4 Kf5 31. Kg3 e3 32. Kf3 e2 33. Re1 Re8 34. a4 Re4 35. Rxe2 Rxe2 36. Kxe2 Kxf4 37. Kd3 Kf3 38. b5 c5 39. a5 b6 40. axb6 axb6 41. Kc4 Ke4 0-1